| 000 | 00984cam a2200313 i 4500 | ||
|---|---|---|---|
| 999 |
_c4858 _d4858 |
||
| 001 | 20111 | ||
| 003 | BD-DhUAP | ||
| 005 | 20201123111738.0 | ||
| 008 | 201123s2017 ii a b 001 0 eng | ||
| 010 | _a 2015029015 | ||
| 020 | _a9780323390828 | ||
| 020 | _a9788131248911 | ||
| 035 | _a(DNLM)101664410 | ||
| 040 |
_aDNLM/DLC _cDLC _erda _dDLC |
||
| 082 | 0 | 0 |
_a616.079 ABB _223 |
| 100 | 1 | _aAbbas, Abul K. | |
| 245 | 1 | 0 |
_aBasic immunology : _bfunctions and disorders of the immune system / _cAbul K. Abbas, Andrew H. Lichtman and Shiv Pillai. |
| 250 | _aFirst South Asia Edition | ||
| 264 | 1 |
_aNew Delhi : _bElsevier, _cc2017. |
|
| 300 |
_aix, 335 pages : _billustrations ; _c24 cm |
||
| 504 | _aIncludes bibliographical references and index. | ||
| 650 | 1 | 2 | _aImmunity. |
| 650 | 2 | 2 | _aHypersensitivity. |
| 650 | 2 | 2 |
_aImmune System _xphysiology. |
| 650 | 2 | 2 | _aImmunologic Deficiency Syndromes. |
| 700 | 1 | _aLichtman, Andrew H. | |
| 700 | 1 | _aPillai, Shiv. | |
| 942 |
_2ddc _cBK |
||